A STUDY OF ENTREPRENEURIAL INTENTIONS SKILLS COMPETENCIES AMONG STUDENTS OF HIGHER EDUCATION INSTITUTIONS IN INDIA (Record no. 33239)

MARC details
000 -LEADER
fixed length control field 00386nam a22001337a 4500
003 - CONTROL NUMBER IDENTIFIER
control field SGT
082 ## - DEWEY DECIMAL CLASSIFICATION NUMBER
Classification number 658
Item number SOL
100 ## - MAIN ENTRY--PERSONAL NAME
Personal name SOLANKI NISHA
245 ## - TITLE STATEMENT
Title A STUDY OF ENTREPRENEURIAL INTENTIONS SKILLS COMPETENCIES AMONG STUDENTS OF HIGHER EDUCATION INSTITUTIONS IN INDIA
260 ## - PUBLICATION, DISTRIBUTION, ETC. (IMPRINT)
Place of publication, distribution, etc SGT UNIVERSITY
Name of publisher, distributor, etc MANAGEMENT FCAM
Year of Publication 2021
300 ## - PAGE DESCRIPTION
No. of Pages 208
650 ## - SUBJECT ADDED ENTRY--TOPICAL TERM
Topical term or geographic name as entry element MANAGEMENT
942 ## - ADDED ENTRY ELEMENTS (KOHA)
Source of classification or shelving scheme Dewey Decimal Classification
Koha item type Thesis/Dissertation
Holdings
Withdrawn status Lost status Source of classification or shelving scheme Damaged status Not for loan Collection code Home library Current library Date acquired Total Checkouts Full call number Accession No. (Barcode) Date last seen Bill Date Koha item type
    Dewey Decimal Classification   Not For Loan COMMERCE MANAGEMENT SGT Science & Social Sciences Library SGT Science & Social Sciences Library 27/12/2025   658 SOL DT2058 27/12/2025 27/12/2025 Thesis/Dissertation